000 00842cam a2200277 4500500
005 20260329005220.0
041 _afre
042 _adc
100 1 0 _aLegros, Martin
_eauthor
245 0 0 _a“Le Monde comme volonté et comme représentation”, d’Arthur Schopenhauer : la volonté, clé du réel
260 _c2022.
500 _a95
690 _aArthur Schopenhauer
690 _aBouddha
690 _aDésespoir
690 _aHindouïsme
690 _aMétaphysique
690 _aPessimisme
690 _aRéel
690 _aReprésentation
690 _aSchopenhauer
690 _aVivant
690 _aVolonté
786 0 _nPhilosophie magazine | 165 | 12 | 2022-12-01 | p. 38-38 | 1951-1787
856 4 1 _uhttps://shs.cairn.info/magazine-philosophie-magazine-2022-12-page-38?lang=fr&redirect-ssocas=7080
999 _c1841396
_d1841396